Modern Practice of Gas Chromatography

Guardado en:
Detalles Bibliográficos
Autor principal: Grob, Robert L. (Autor)
Formato: Libro
Lenguaje:inglés
Publicado: New York : John Wiley & Sons, 1995
Edición:3rd Edition
Etiquetas: Agregar Etiqueta
Sin Etiquetas, Sea el primero en etiquetar este registro!

MARC

LEADER 00000nam a22000003a 4500
001 stu26041
005 20190206124506.8
008 980615s1995------------------------eng-d
020 |a 0-471-59700-7 
040 |a STU  |b slo 
041 0 |a eng 
080 |a 543.544.25 
100 1 |a Grob, Robert L.  |4 aut 
245 1 |a Modern Practice of Gas Chromatography 
250 |a 3rd Edition 
260 |a New York :  |b John Wiley & Sons,  |c 1995 
300 |a 888 s 
500 |a Obr.,tab.,grafy,lit.,index 
996 |b C95435  |c C*95435  |l CCVII  |s P  |a 0  |w stu26041_0001